| 000 | 00381nam a22001577a 4500 | ||
|---|---|---|---|
| 020 | _a9789383260683 | ||
| 082 |
_a823 _bPRE/O |
||
| 100 | _aPreeti Shenoy | ||
| 245 |
_aOne you cannot have/ _cby Preeti Shenoy |
||
| 260 |
_aChennai: _bWestland Limited, _c2013. |
||
| 300 | _a270p. | ||
| 650 | _aNovel English | ||
| 650 | _aLiterature English | ||
| 650 | _aLiterature | ||
| 942 | _cBK | ||
| 999 |
_c54791 _d54791 |
||